LEADER 00891nam 2200313 450 001 9911035674903321 005 20260317083142.0 010 $a9788858158722 100 $a20251106d2025----km y0itay50 ba 101 0 $aita 102 $aIT 105 $ay 001yy 200 1 $aCaos$ela giustizia internazionale sotto attacco$fMarcello Flores, Fronza Emanuela 210 $aRoma Bari$cLaterza$d2025 215 $a171 p.$d23 cm 225 1 $aSaggi tascabili$v466 610 0 $aGiustizia internazionale 676 $a341.552$v23$zita 700 1$aFlores,$bMarcello$f<1945- >$0139835 701 1$aFronza,$bEmanuela$0522392 801 0$aIT$bUNINA$gREICAT$2UNIMARC 901 $aBK 912 $a9911035674903321 952 $a341.552 FLO 1$b13227$fbfs 952 $aCollez. 94 (466)$b162/2026$fFSPBC 959 $aBFS 959 $aFSPBC 996 $aCaos$94451066 997 $aUNINA